Ngữ pháp tiếng Việt
Сохранить в:
| Главный автор: | |
|---|---|
| Формат: | |
| Метки: |
Добавить метку
Нет меток, Требуется 1-ая метка записи!
|
| Thư viện lưu trữ: | Mạng thư viện Đại học Đà Nẵng |
|---|
| LEADER | 00769nam a2200217 4500 | ||
|---|---|---|---|
| 001 | 000015634 | ||
| 003 | 12017 | ||
| 005 | 20150812150842.0 | ||
| 008 | 120531s sd | ||
| 100 | 0 | |a Diệp Quang Ban | |
| 245 | 0 | 0 | |a Ngữ pháp tiếng Việt |c Diệp Quang Ban |
| 774 | |a Diệp Quang Ban |b In lần thứ 2 |d Giáo dục |d H. |d 1998 |g Tập 2 |h 257 tr. |n ĐTTS ghi: Sách đại học Sư phạm |w 12021 | ||
| 774 | |a Diệp Quang Ban |b In lần thứ 1 |d H. |d 1998 |d Giáo dục |g Tập 1 |h 164 tr. |n ĐTTS ghi: Sách đại học Sư phạm |w 12022 | ||
| OWN | |a LSP | ||
| 999 | |a From the UDN01 | ||
| TYP | |a Monograph | ||
| TYP | |a Printed language | ||
| 980 | |a Mạng thư viện Đại học Đà Nẵng | ||